书目信息 |
| 题名: |
石油生产工程安全理论与应用
|
|
| 作者: | 周思柱 , 王长建 , 李美求 著 | |
| 分册: | ||
| 出版信息: | 北京 科学出版社 2010.10 |
|
| 页数: | 236页 | |
| 开本: | 26cm | |
| 丛书名: | ||
| 单 册: | ||
| 中图分类: | TE687 | |
| 科图分类: | ||
| 主题词: | 石油工业--安全生产 , 石油工业 , 安全生产 | |
| 电子资源: | ||
| ISBN: | 978-7-03-026867-9 | |
| 000 | 01001nam0 22002771 45 | |
| 001 | 1359733593 | |
| 005 | 20130529090007.18 | |
| 010 | @a978-7-03-026867-9@dCNY45.00 | |
| 100 | @a20130513d2010 em y0chiy0110 ea | |
| 101 | 0 | @achi |
| 102 | @aCN@b110000 | |
| 105 | @ay z 000yy | |
| 106 | @ar | |
| 200 | 1 | @a石油生产工程安全理论与应用@AShi You Sheng Chan Gong Cheng An Quan Li Lun Yu Ying Yong@f周思柱,王长建,李美求著@FZhou Si Zhu, Wang Chang Jian, Li Mei Qiu Zhu |
| 210 | @a北京@c科学出版社@d2010.10 | |
| 215 | @a236页@d26cm | |
| 330 | @a本书综合分析了重点石油生产工程中的安全理论与应用问题。全书共分2篇8章。第一篇为石油生产工程行为安全理论与应用,第二篇为石油生产工程安全评价与应用。 | |
| 606 | 0 | @a石油工业@x安全生产 |
| 606 | 0 | @a石油工业 |
| 606 | 0 | @a安全生产 |
| 690 | @aTE687@v5 | |
| 701 | 0 | @a周思柱@AZhou Si Zhu@f(1963~)@4著 |
| 701 | 0 | @a王长建@AWang Chang Jian@4著 |
| 701 | 0 | @a李美求@ALi Mei Qiu@4著 |
| 801 | @aCN@bTANGWEI@c20130522 | |
| 905 | @b0833688-91@dTE687@e18@f4 | |
| 石油生产工程安全理论与应用/周思柱,王长建,李美求著.-北京:科学出版社,2010.10 |
| 236页;26cm |
| ISBN 978-7-03-026867-9:CNY45.00 |
| 本书综合分析了重点石油生产工程中的安全理论与应用问题。全书共分2篇8章。第一篇为石油生产工程行为安全理论与应用,第二篇为石油生产工程安全评价与应用。 |
| ● |
| 相关链接 |
|
|
|
|
正题名:石油生产工程安全理论与应用
索取号:TE687/18
 
预约/预借
| 序号 | 登录号 | 条形码 | 馆藏地/架位号 | 状态 | 备注 |
| 1 | 0833688 | 208336889 | 第二样本阅览室/ [索取号:TE687/18] | 在馆 | |
| 2 | 0833689 | 208336898 | 第三借阅区/ [索取号:TE687/18] | 在馆 | |
| 3 | 0833690 | 208336905 | 第三借阅区/ [索取号:TE687/18] | 在馆 | |
| 4 | 0833691 | 208336914 | 密集书库-化学系/ [索取号:TE687/18] | 在馆 |